00246nam a22000977a 4500008004100000041000800041080000800049100000600057101000800063245007700071181107b xxu||||| |||| 00| 0 eng d aeng a610 a3 aSHM aMotor Control Translating Research Into Clinical PracticecCooK.A.SH